| 000 | 00536 a2200193 4500 | ||
|---|---|---|---|
| 005 | 20240502163728.0 | ||
| 010 | _aB-758848 | ||
| 020 |
_a8120325788 _c150.00 |
||
| 035 | _aB-758848 | ||
| 037 | _bGift/Unesco | ||
| 082 | _a174.962 | ||
| 100 |
_a Govindarajan M. _965523 |
||
| 245 |
_aEngineering Ethics / _b M. Govindarajan |
||
| 260 |
_aDelhi _bPHI _c2005 |
||
| 270 | _aDelhi | ||
| 300 |
_a181 p.; _c24cm. (pb) |
||
| 942 |
_adpl _cEN _2ddc _h174.962 _mENG |
||
| 999 |
_c202587 _d202587 |
||